Impressionist Artists - Statistics

General Stats
  • This quiz has been taken 369 times
  • The average score is 8 of 15
Answer Stats
Picture Answer % Correct
Vincent Van Gogh
99%
Claude Monet
91%
Vincent Van Gogh
70%
Edvard Munch
67%
Edgar Degas
64%
Pierre Auguste Renoir
63%
Edouard Manet
54%
Pierre Auguste Renoir
53%
Claude Monet
50%
Edgar Degas
44%
Edward Hopper
41%
Henri de Toulouse-Lautrec
39%
Paul Gaugin
36%
Henri Rousseau
22%
Winslow Homer
11%
No matching quizzes found
Score Distribution
Percent of People with Each Score
Percentile by Number Answered
Your Score History
You have not taken this quiz